| 000 | 01364nam0a22002531 4500 | ||
|---|---|---|---|
| 001 | rc\989937 | ||
| 005 | 20260407111624.0 | ||
| 035 | _a(NLR Aleph) 006157226 | ||
| 090 |
_a5824788 _c5824788 |
||
| 100 | _a20041129d1981 |||y0rusy50 ca | ||
| 101 | 0 | _arus | |
| 102 | _aRU | ||
| 105 | _ay ||||||||| | ||
| 200 | 1 |
_aXXIX съезд КПБ об итогах развития сельского хозяйства республики в десятой пятилетке и задачах на 1981-1985 годы _e(Метод. рекомендации в помощь изучающим вопросы аграр. политики КПСС на соврем. этапе) _fМ-во сел. хоз-ва БССР. Белорус. ин-т механизации сел. хоз-ва. Каф. истории и науч. коммунизма _g[Сост. доценты Боровко Л.В., Доровской А.В.] |
|
| 210 |
_aМинск _cБ. и. _d1981 |
||
| 215 |
_a18 с. _d20 |
||
| 320 | _aБиблиогр.: с. 18 | ||
| 702 | 1 |
_aБоровко _bЛ.В. _gЛия Витальевна _4220 |
|
| 712 | 0 | 2 |
_aБелорусский институт механизации сельского хозяйства _cМинск _3RU\NLR\AUTH\889939325 _9373519 |
| 801 | 0 |
_aRU _bNLR _gpsbo |
|
| 801 | 1 |
_aRU _bELAR _2rusmarc |
|
| 852 |
_aNLR _j81-4/32476 |
||
| 942 | _cBOOK | ||
| 980 | _aNB | ||